İstanbul hükümetleri ve Milli mücadele (Record no. 10647)

MARC details
000 -BAŞLIK
Sabit Uzunlukta Kontrol Alanı 00948na a2200289 4500
001 - KONTROL NUMARASI
Denetim Alanı 24064
003 - KONTROL NUMARASI IDENTIFIER
Denetim Alanı MIRAKIL
005 - SON İŞLEM TARİHİ VE ZAMANI
Denetim Alanı 20181213155329.0
008 - SABİT-BOY VERİ ELEMANLARI - GENEL BİLGİLER
Sabit Uzunlukta Kontrol Alanı 180321b tu 000 0
020 ## - ULUSLARARASI STANDART KİTAP NUMARASI
Uluslararası Standart Kitap Numarası 975458124x
040 ## - KATALOGLAMA KAYNAK
Orijinal Kataloglama Ajansı Milas
Kataloglama Dili tur
Metne Dönüştürmek Ajansı TR-AnCHP
041 ## - DİL KODU
Metin / Ses Parça Veya Ayrı Başlığın Dil Kodu tur
082 ## - DEWEY ONLU SINIFLANDIRMA NUMARASI
Sınıflandırma Numarası 956.1023
Ürün Numarası A47i 1998
090 ## - SINIFLAMA NUMARASI
Sınıflama Numarası 956.1023 A47i 1998
100 ## - ANA GİRİŞ - KİŞİSEL İSİM
Kişisel Ad Akşin, Sina
245 ## - BAŞLIK TABLOSU
Başlık İstanbul hükümetleri ve Milli mücadele
Başlığın Kalan Son meşrutiyet (1919-1920)
Sorumluluk Tablosu, Vb Sina Akşin
246 ## - UNVAN FORM VARYING
Başlık Doğru / Kısa Başlığı Son meşrutiyet (1919-1920)
260 ## - YAYIN, DAĞITIM, VB
Yayın, Dağıtım, Vb Yeri İstanbul
Yayıncı, Dağıtıcı, Vs Adı Türkiye İş Bankası Kültür Yayınları
Yayın, Dağıtım, Vb Tarihi 1998
Üretici Firma Doğuş Matbaacılık
300 ## - FİZİKSEL TANIM
Kapsam 558 s.
Boyutlar 19 sm.
440 ## - SERİSİ TABLOSU / KATMA GİRİŞİ - BAŞLIK
Başlık Türkiye İş Bankası Kültür Yayınları
Hacim / Ardışık Tanımı 382
490 ## - SERİSİ TABLOSU
Seri Beyanı Tarih Dizisi
Hacim / Ardışık Tanımı 31
504 ## - KAYNAKÇA VB NOT
Kaynakça Vb Notu Kaynakça ve dizin var.
650 ## - KONU KATMA GİRİŞ - TOPİKAL DÖNEM
Topikal Süreli Veya Coğrafi Ad Giriş Elemanı Siyasi partiler
Genel Alt Bölümü Türkiye
-- Tarih
650 ## - KONU KATMA GİRİŞ - TOPİKAL DÖNEM
Topikal Süreli Veya Coğrafi Ad Giriş Elemanı Milli mücadele
Genel Alt Bölümü Hükümetler
Coğrafi Alt Bölümü İstanbul
740 ## - KATMA GİRİŞ - KONTROLSUZ İLGİLİ / ANALİTİK BAŞLIK
Kontrol Edilmeyen / İlgili Analitik Başlıktaki Son meşrutiyet (1919-1920)
942 ## - EKLENDİ GİRİŞ ELEMANLARI (KOHA)
Sınıflandırma Veya Raf Düzeni Kaynak Dewey Decimal Classification
Koha Öğesi Türü Books
999 ## - SİSTEM KONTROL NUMARALARI (KOHA)
Koha Biblionumber 10647
Koha Biblioitemnumber 10647
Holdings
Kalıcı Konum Mevcut Konum Edinme Tarihi Edinim Kaynak Toplam Check-Out'Lar Tam Çağrı Numarası Barkod Tarih Son Görülme İtibaren Geçerli Fiyatlar Koha Öğesi Türü Seri Numaralandırma / Kronolojik Kopya Sayısı
CHP Kütüphanesi CHP Kütüphanesi 03/07/2018 Bağış   956.1023 A47i 1998 018089 03/07/2018 03/07/2018 Books    
CHP Kütüphanesi CHP Kütüphanesi 03/07/2018 Bağış   956.1023 A47i 1998 018090 03/07/2018 03/07/2018 Books c.2 k.2